LIBRARY & INFORMATION CENTRE, KCAET, TAVANUR

ONLINE PUBLIC ACCESS CATALOGUE (OPAC)

Normal view MARC view
  • Shivashraya, Singh

Entry Personal Name

Number of records used in: 2

001 - CONTROL NUMBER

  • control field: 1097

003 - CONTROL NUMBER IDENTIFIER

  • control field: OSt

005 - DATE AND TIME OF LATEST TRANSACTION

  • control field: 20160721151658.0

008 - FIXED-LENGTH DATA ELEMENTS

  • fixed length control field: 160721|| aca||aabn | a|a d

040 ## - CATALOGING SOURCE

  • Original cataloging agency: OSt
  • Transcribing agency: OSt

100 ## - HEADING--PERSONAL NAME

  • Personal name: Shivashraya, Singh

670 ## - SOURCE DATA FOUND

  • Source citation: Work cat.: (OSt)14620: Shivashraya, Singh, Dairy Technology - Volume - 1: Milk and Milk Processing, 2014
free website counter